LIBRARY & INFORMATION CENTRE, KCAET, TAVANUR

ONLINE PUBLIC ACCESS CATALOGUE (OPAC)

Jawaharlal Nehru: An Autobiography / (Record no. 6188)

MARC details
000 -LEADER
fixed length control field 00373cam a2200145ua 4500
041 ## - LANGUAGE CODE
Language code of text/sound track or separate title eng
082 ## - DEWEY DECIMAL CLASSIFICATION NUMBER
Classification number 923.2
Item number NEH/JA
100 ## - MAIN ENTRY--AUTHOR NAME
Personal name Jawaharlal, Nehru .
245 ## - TITLE STATEMENT
Title Jawaharlal Nehru: An Autobiography /
260 ## - PUBLICATION, DISTRIBUTION, ETC. (IMPRINT)
Place of publication London :
Name of publisher The Bodley Head ,
Year of publication 1959.
300 ## - PHYSICAL DESCRIPTION
Number of Pages 623 ; .
942 ## - ADDED ENTRY ELEMENTS (KOHA)
Koha item type Books
Holdings
Withdrawn status Lost status Damaged status Home library Current library Date acquired Full call number Accession Number Koha item type Public note
Withdrawn     KAUAET KAUAET 07/04/2012 923.2 3965 Books Deleted
free website counter